000 00872cam a2200241 i 4500
001 12126
003 KOSZ 005
005 20200504145202.0
008 070703s1969 pl a f 001 0 pol
015 _aPB 1970/1279
040 _aWA N
_cKOSZ 005/HR
_dKOSZ 005/HR
080 _a004.3
100 1 _aWaligórski, Stanisław
_c(informatyk)
245 1 0 _aUkłady przełączające :
_belementy teorii i projektowania /
_cStanisław Waligórski.
260 _aWarszawa :
_bWydawnictwa Naukowo-Techniczne,
_c1969.
300 _a307 s. :
_bil. ;
_c23 cm.
504 _aBibliogr. s. [301]-303. Indeks.
650 4 _aKomputery
650 4 _aUkład przełączający
710 2 _aWydawnictwa Naukowo-Techniczne
_4pbl.
856 _uhttp://koha.tu.koszalin.pl/cgi-bin/koha/opac-detail.pl?biblionumber=12126
_yKatalog online BPK
942 _2UKD
_cKS
999 _c12126
_d12126